The inheritance of loss / (Record no. 1168)

MARC details
000 -LEADER
fixed length control field 00553nam a2200193 ar4500
001 - CONTROL NUMBER
control field 1169
005 - DATE AND TIME OF LATEST TRANSACTION
control field 20221127090142.0
008 - FIXED-LENGTH DATA ELEMENTS--GENERAL INFORMATION
fixed length control field 090228s xxu 0001f|eng d
020 ## - INTERNATIONAL STANDARD BOOK NUMBER
International Standard Book Number 0871139294(hpb) :
Terms of availability SR136.00
082 04 - DEWEY DECIMAL CLASSIFICATION NUMBER
Classification number 813.54
Item number D451 2006
100 1# - MAIN ENTRY--PERSONAL NAME
Personal name Desai, Kiran.
245 14 - TITLE STATEMENT
Title The inheritance of loss /
Statement of responsibility, etc. Kiran Desai.
250 ## - EDITION STATEMENT
Edition statement 1st ed.
260 ## - PUBLICATION, DISTRIBUTION, ETC.
Place of publication, distribution, etc. New York :
Name of publisher, distributor, etc. Atlantic Monthly Press,
Date of publication, distribution, etc. 2006.
300 ## - PHYSICAL DESCRIPTION
Extent 324 p. ;
Dimensions 23 cm.
650 #4 - SUBJECT ADDED ENTRY--TOPICAL TERM
Topical term or geographic name entry element American fiction
Chronological subdivision 20th century.
650 #4 - SUBJECT ADDED ENTRY--TOPICAL TERM
Topical term or geographic name entry element Grandfathers
Form subdivision Fiction.
650 #4 - SUBJECT ADDED ENTRY--TOPICAL TERM
Topical term or geographic name entry element Domestic fiction.
Holdings
Withdrawn status Lost status Source of classification or shelving scheme Damaged status Not for loan Home library Current library Date acquired Total Checkouts Full call number Barcode Date last seen Copy number Price effective from Koha item type
          CENTRAL CENTRAL 11/27/2022   813.54 D451 2006 1000000001049 11/27/2022 C1 11/27/2022 Book